[Event "NOR-ch"]
[Site "?"]
[Date "1994.??.??"]
[Round "2"]
[White "Gabrielsen, Trond"]
[Black "Gullaksen, Eirik T"]
[Result "0-1"]
[WhiteElo "2220"]
[BlackElo "2370"]

1.e4 c5 2.Nf3 e6 3.d4 cxd4 4.Nxd4 Nc6 5.Nc3 Nf6 6.Ndb5 d6 7.Bf4 e5 8.Bg5 a6
9.Na3 b5 10.Bxf6 gxf6 11.Nd5 Bg7 12.Bd3 Ne7 13.Nxe7 Qxe7 14.c3 f5 15.Nc2 Qb7
16.Qf3 O-O 17.Ne3 f4 18.Nd5 Be6 19.g4 b4 20.Kf1 bxc3 21.bxc3 Rab8 22.Rg1 a5
23.Re1 Kh8 24.Kg2 Qa7 25.Rb1 Rxb1 26.Rxb1 Rb8 27.Rxb8+ Qxb8 28.Qd1 Qc8 29.Be2 Bf8
30.h3 Qc6 31.c4 Kg7 32.Bd3 Qc5 33.Qb3 h6 34.Bb1 Bxd5 35.cxd5 Be7 36.Qd3 Bh4
37.Qe2 Qd4 38.Qc2 Qb6 39.Kf3 Bxf2 40.Qxf2 Qxb1  0-1

[Event "BCF-ch"]
[Site "Norwich"]
[Date "1994.??.??"]
[Round "5"]
[White "McEwan, Ken B"]
[Black "Emms, John M"]
[Result "0-1"]
[WhiteElo "2150"]
[BlackElo "2525"]

1.e4 c5 2.Nf3 e6 3.Nc3 Nc6 4.d4 cxd4 5.Nxd4 Qc7 6.Be2 a6 7.O-O Nf6 8.Be3 Bb4
9.f3 O-O 10.Nxc6 bxc6 11.a3 Be7 12.f4 d5 13.e5 Nd7 14.Bd3 g6 15.Rf3 c5 16.Rg3 c4
17.Bf1 Rb8 18.Rb1 Bc5 19.Bxc5 Qxc5+ 20.Kh1 f6 21.Qg4 Qe7 22.Qh4 Qg7 23.exf6 Nxf6
24.b4 Bd7 25.Be2 d4 26.f5 dxc3 27.Bxc4 Nh5 28.Rg5 Rf6 29.Rd1 Rbf8 30.Qd4 Bc6
31.Bxe6+ Rxe6 32.Qxg7+ Nxg7 33.fxe6 Nxe6 34.Re5 Nf4 35.Rc5 Bxg2+ 36.Kg1 Be4
37.h4 Ne2+ 38.Kh2 Rf2+ 39.Kh3 Bf5+ 40.Rxf5 Rxf5 41.Rd6 a5 42.Rc6 axb4 43.axb4 Kg7  0-1

[Event "BCF-ch"]
[Site "Norwich"]
[Date "1994.??.??"]
[Round "8"]
[White "Emms, John M"]
[Black "Lawton, Geoffrey W"]
[Result "1-0"]
[WhiteElo "2525"]
[BlackElo "2375"]

1.e4 c5 2.Nf3 Nc6 3.Nc3 e6 4.d4 cxd4 5.Nxd4 Nf6 6.Nxc6 bxc6 7.e5 Nd5 8.Ne4 Qc7
9.f4 Qa5+ 10.c3 Ba6 11.Bxa6 Qxa6 12.Qe2 Qxe2+ 13.Kxe2 f5 14.Nf2 Be7 15.Nd3 Kf7
16.Bd2 Rhb8 17.Rhd1 a5 18.a4 Ke8 19.c4 Nc7 20.Bc3 Na6 21.Bxa5 Nc5 22.Bc3 Nb3
23.Ra2 Rb7 24.Rb1 g5 25.fxg5 Bxg5 26.Kd1 Be3 27.Kc2 c5 28.Re1 Bd4 29.a5 Bxc3
30.Kxc3 Rxa5 31.Rxa5 Nxa5 32.Ra1 Nc6 33.Nxc5 Rb8 34.Nd3 Ke7 35.b4 Kd8 36.b5 Ne7
37.Kd4 Nc8 38.Nc5 Ke7 39.Ra3  1-0

[Event "SLO-ch"]
[Site "Nova Gorica"]
[Date "1994.??.??"]
[Round "?"]
[White "Riegler, Primoz"]
[Black "Gostisa, Leon"]
[Result "1/2-1/2"]
[WhiteElo "2250"]
[BlackElo "2420"]

1.e4 c5 2.Nf3 e6 3.d4 cxd4 4.Nxd4 Nc6 5.Nc3 Qc7 6.Be3 a6 7.Bd3 Nf6 8.O-O Ne5
9.h3 b5 10.f4 Nc4 11.Bxc4 Qxc4 12.e5 Nd5 13.Nxd5 Qxd5 14.Qe2 Bb7 15.Nb3 Rc8
16.c3 Qc4 17.Qf2 Bd5 18.Rad1 Be7 19.Rd4 Qc6 20.Qg3 g6 21.Rfd1 h5 22.Qf2 h4
23.f5 gxf5 24.Rxd5 exd5 25.Nd4 Qg6 26.Nxf5 Rh5 27.Rf1 Rc6 28.Qf3 Bf8 29.Bd4 Rxf5
30.Qxf5 Qxf5 31.Rxf5 Bh6 32.Rh5 Bc1 33.b3 Bd2 34.Rxh4 Bxc3 35.Bxc3 Rxc3 36.Rd4 Rc5
37.h4 Ke7 38.h5 Ke6 39.Rf4 d4 40.Rxd4 Rxe5 41.Rh4 Rc5 42.h6 Rc8 43.h7 Rh8
44.Rh5 f6 45.Kf2 Kf7 46.Rd5 Ke6  1/2-1/2

[Event "SLO-ch"]
[Site "Nova Gorica"]
[Date "1994.??.??"]
[Round "?"]
[White "Jazbinsek, Sebastjan"]
[Black "Susnik, Matej"]
[Result "0-1"]
[WhiteElo "2210"]
[BlackElo "2220"]

1.e4 c5 2.Nf3 e6 3.d4 cxd4 4.Nxd4 Nc6 5.Nc3 Qc7 6.g3 a6 7.Bg2 Nf6 8.O-O Be7
9.Re1 d6 10.Be3 O-O 11.Kh1 Bd7 12.f4 Nxd4 13.Bxd4 Bc6 14.Qe2 b5 15.e5 dxe5
16.Bxe5 Qb7 17.a3 Rfd8 18.Rad1 Ng4 19.Ne4 Rxd1 20.Rxd1 Bxe4 21.Bxe4 Qxe4+
22.Qxe4 Nf2+ 23.Kg2 Nxe4 24.Rd7 Bf6  0-1

[Event "Oakham"]
[Site "Oakham"]
[Date "1994.??.??"]
[Round "1"]
[White "Knox, Victor W"]
[Black "Van Mil, Johannes A J"]
[Result "0-1"]
[WhiteElo "2325"]
[BlackElo "2450"]

1.e4 c5 2.Nf3 e6 3.d4 cxd4 4.Nxd4 Nc6 5.Nc3 a6 6.Be2 Nge7 7.O-O Nxd4 8.Qxd4 Nc6
9.Qd3 Qc7 10.a3 Be7 11.f4 O-O 12.Qg3 b5 13.Bd3 b4 14.Ne2 Bb7 15.Be3 bxa3
16.bxa3 Na5 17.Rab1 Rab8 18.Kh1 Nc4 19.Bc1 f5 20.exf5 exf5 21.Rb3 Bd5 22.Rxb8 Qxb8
23.Nd4 Nd6 24.Qe1 Re8 25.Qa5 Qb7 26.Nf3 Ne4 27.Be3 Bf8 28.Bd4 g6 29.c4 Bc6
30.c5 Bd5 31.Rb1 Qa8 32.Kg1 Rb8 33.Rb6 Rxb6 34.cxb6 Qc6 35.Qxa6 Bc5 36.b7 Bxd4+
37.Nxd4 Qc1+ 38.Bf1 Qe3+ 39.Kh1 Nf2+  0-1

[Event "Oberwart op"]
[Site "Oberwart"]
[Date "1994.??.??"]
[Round "8"]
[White "Landa, Konstantin"]
[Black "Milov, Leonid"]
[Result "1-0"]
[WhiteElo "2510"]
[BlackElo "2520"]

1.e4 c5 2.Nf3 e6 3.Nc3 Nc6 4.d4 cxd4 5.Nxd4 a6 6.Be2 Qc7 7.O-O Nf6 8.Kh1 Be7
9.f4 d6 10.Bf3 O-O 11.Nxc6 bxc6 12.Na4 Bb7 13.c4 c5 14.Qc2 Nd7 15.Be3 Rad8
16.b3 Rfe8 17.Rad1 Bc6 18.Nc3 Nf8 19.g3 Bf6 20.Ne2 Qb7 21.Ng1 g6 22.Qg2 Be7
23.g4 g5 24.e5 Bxf3 25.Nxf3 gxf4 26.Bxf4 Ng6 27.Bg3 dxe5 28.Nxe5 Qxg2+ 29.Kxg2 Nxe5
30.Bxe5 f6 31.Rxd8 Rxd8 32.Bxf6 Rd2+ 33.Kg1 Bd6 34.h4 Rxa2 35.Ra1 Rxa1+ 36.Bxa1 Be7
37.h5 Kf7 38.Bc3 Bf6 39.Bd2 Bd4+ 40.Kg2 Kf6 41.Kf3 Be5 42.Ke4 Bd6 43.g5+ Kf7
44.Be3 Bf8 45.Ke5 Bg7+ 46.Kd6 Bf8+ 47.Kc6 Be7 48.Kc7 Bf8 49.Kc6 Be7 50.Bxc5 Bxg5
51.Bd6 Bf6 52.c5 e5 53.Kd7  1-0

[Event "Oberwart op"]
[Site "Oberwart"]
[Date "1994.??.??"]
[Round "9"]
[White "Maus, Siegfried"]
[Black "Cebalo, Miso"]
[Result "0-1"]
[WhiteElo "2300"]
[BlackElo "2520"]

1.e4 c5 2.Nf3 e6 3.d4 cxd4 4.Nxd4 Nc6 5.Nc3 d6 6.Be2 Nf6 7.O-O Be7 8.Be3 O-O
9.f4 Bd7 10.Nb3 a6 11.a4 Rc8 12.a5 Qc7 13.Bf3 Nb4 14.Bb6 Qb8 15.Rf2 Bc6 16.Nd4 d5
17.Nxc6 bxc6 18.exd5 cxd5 19.f5 exf5 20.Nxd5 Nbxd5 21.Bxd5 Bd8 22.Bf3 Bxb6
23.axb6 Qxb6 24.c3 Rcd8 25.Qc2 Rfe8 26.Kh1 g6 27.b4 Re6 28.g3 Ne4 29.Re2 Rc8
30.Ra3 Rce8  0-1

[Event "Olot op"]
[Site "Olot"]
[Date "1994.??.??"]
[Round "?"]
[White "Luther, Thomas"]
[Black "De la Riva Aguado, Oscar"]
[Result "1/2-1/2"]
[WhiteElo "2510"]
[BlackElo "2420"]

1.e4 c5 2.Nf3 e6 3.d4 cxd4 4.Nxd4 Nc6 5.Nc3 Qc7 6.Be2 a6 7.O-O Nf6 8.Be3 Bb4
9.Na4 O-O 10.Nxc6 bxc6 11.Nb6 Rb8 12.Nxc8 Rfxc8 13.Bxa6 Rf8 14.Bd3 Bd6 15.f4 e5
16.f5 Rxb2 17.g4 Qa5 18.g5 Bc5 19.Bxc5 Qxc5+ 20.Kh1 Ne8 21.Qg4 d5 22.Rf3 dxe4
23.Bxe4 Rb4 24.Rh3 Nd6 25.Qh5 Rfb8 26.Qxh7+ Kf8 27.Rf1 Rb1 28.Rf3 Nxe4 29.f6 Rxf1+
30.Rxf1 Nxf6 31.gxf6 Qd5+ 32.Kg1 Qd4+ 33.Kh1 Qd5+ 34.Kg1 Qd4+ 35.Kh1  1/2-1/2

[Event "Oslo op"]
[Site "Oslo"]
[Date "1994.??.??"]
[Round "4"]
[White "Bologan, Viktor"]
[Black "Elsness, Frode"]
[Result "1-0"]
[WhiteElo "2585"]
[BlackElo "2280"]

1.e4 c5 2.Nf3 Nc6 3.d4 cxd4 4.Nxd4 e6 5.Nc3 a6 6.Be2 Nge7 7.Nb3 Ng6 8.Be3 b5
9.f4 Be7 10.O-O O-O 11.Qd2 d6 12.Rad1 Qc7 13.Bd3 Bb7 14.Qe2 Bf6 15.Rf3 Rfd8
16.Rh3 Nb4 17.Rf1 Nf8 18.e5 dxe5 19.Bxh7+ Nxh7 20.Qh5 Kf8 21.Qxh7 Ke7 22.Bc5+ Kd7
23.Bxb4 Qc4 24.fxe5 Bxe5 25.Rd3+ Kc8 26.Rxd8+ Kxd8 27.Qg8+ Kc7 28.Rxf7+ Kb6
29.Rxb7+ Kxb7 30.Na5+ Ka7 31.Qxa8+  1-0

[Event "Osterskan op"]
[Site "Osterskan"]
[Date "1994.??.??"]
[Round "?"]
[White "Momeni, Hadi"]
[Black "Jansson, Anders O"]
[Result "1-0"]
[WhiteElo "2350"]
[BlackElo "2160"]

1.e4 c5 2.Nf3 Nc6 3.Nc3 e6 4.d4 cxd4 5.Nxd4 Nf6 6.g3 d6 7.Bg2 Bd7 8.O-O Be7
9.Ndb5 Qb8 10.Bg5 a6 11.Bxf6 gxf6 12.Nd4 h5 13.h4 Nxd4 14.Qxd4 Qa7 15.Qxa7 Rxa7
16.a4 b6 17.Rfd1 Kf8 18.Rd4 Kg7 19.Bf3 Kh6 20.Kg2 Rc8 21.Rb4 Rb8 22.Rc4 Rc8
23.Rxc8 Bxc8 24.Ne2 Rc7 25.c3 Bb7 26.b3 Rc5 27.c4 f5 28.exf5 Bxf3+ 29.Kxf3 Rxf5+
30.Ke3 d5 31.f4 Bc5+ 32.Kd3 dxc4+ 33.bxc4 Rf6 34.a5 b5 35.cxb5 axb5 36.a6 Ba7
37.Nc3 Rg6 38.Nxb5 Rxg3+ 39.Ke2 Bb6 40.a7 Bxa7 41.Rxa7  1-0

[Event "HUN-ch U18 Girls"]
[Site "Paks"]
[Date "1994.??.??"]
[Round "9"]
[White "Albert, Kornelia"]
[Black "Medvegy, Nora"]
[Result "1/2-1/2"]
[WhiteElo "2085"]
[BlackElo "2155"]

1.e4 c5 2.Nf3 e6 3.d4 cxd4 4.Nxd4 Nc6 5.Nc3 Qc7 6.Be2 a6 7.Be3 Nf6 8.O-O Bb4
9.Bd3 Ne5 10.Bf4 d6 11.Bxe5 dxe5 12.Nde2 O-O 13.a3 Bc5 14.h3 b5 15.b4 Bd4
16.Nxd4 exd4 17.Ne2 Rd8 18.f4 Bb7 19.Ng3 Rac8  1/2-1/2

[Event "Pardubice op"]
[Site "Pardubice"]
[Date "1994.??.??"]
[Round "8"]
[White "Zezulkin, Jurij"]
[Black "Bagaturov, Giorgi"]
[Result "1-0"]
[WhiteElo "2410"]
[BlackElo "2500"]

1.e4 c5 2.Nf3 e6 3.d4 cxd4 4.Nxd4 Nc6 5.Nc3 d6 6.Be3 Be7 7.Qd2 a6 8.O-O-O Nf6
9.f3 Nd7 10.f4 O-O 11.h4 Nxd4 12.Qxd4 Qa5 13.h5 b5 14.h6 gxh6 15.Kb1 b4 16.Ne2 Bf6
17.e5 Bg7 18.Qxd6 Bb7 19.Nc1 Rad8 20.Nb3 Qa4 21.Qe7 Rfe8 22.Qh4 Be4 23.Bd3 Bxd3
24.Rxd3 Rc8 25.Rhd1 Nf8 26.Qf2 Ng6 27.Nc5 Qc6 28.Rd6 Qb5 29.Ne4 Rf8 30.Rb6 Qa5
31.Nd6 Rcd8 32.Rd3 Nxe5 33.fxe5 Qxe5 34.Bd4 Qh5 35.Qf3 Qxf3 36.gxf3 e5 37.Bc5 f5
38.Nxf5 Rxd3 39.Ne7+ Kf7 40.cxd3 a5 41.Nf5  1-0

[Event "Apsap IM"]
[Site "Paris"]
[Date "1994.??.??"]
[Round "2"]
[White "Britton, Richard"]
[Black "Arkell, Keith C"]
[Result "1/2-1/2"]
[WhiteElo "2300"]
[BlackElo "2500"]

1.e4 c5 2.Nf3 Nc6 3.d4 cxd4 4.Nxd4 e6 5.Nc3 Qc7 6.f4 a6 7.Be2 Bb4 8.Be3 Nf6
9.Bf3 d5 10.e5 Ne4 11.Bxe4 Bxc3+ 12.bxc3 dxe4 13.Nb3 Ne7 14.Bc5 b6 15.Bxe7 Kxe7
16.Qd4 Rd8 17.Qb4+ Ke8 18.O-O Bb7 19.Nd4 Qc5 20.Qxc5 bxc5 21.Nb3 Bd5 22.Rfe1 f5
23.exf6 gxf6 24.c4 Bxc4 25.Rxe4 Bd5 26.Re3 Rac8 27.Rc1 c4 28.Nd4 Kf7 29.Ne2 Bc6
30.Kf2 Rb8 31.Rc3 Bd5 32.Rh3 Be4 33.Rc3 Rg8 34.g3 Bd5 35.Ra3 Rb6 36.Ra5 Bb7
37.Nc3 Rd8 38.Ke3 Rbd6 39.Rc5 Bg2 40.Rxc4 Rd2 41.Ne2 Bh3 42.Rb1 R8d7 43.Re1 Bg4
44.a4 h5 45.Rc5 Kg6 46.Rc4 Kf7 47.Rc5 Ke7 48.Rc4  1/2-1/2

[Event "World op"]
[Site "Philadelphia"]
[Date "1994.??.??"]
[Round "?"]
[White "Gruenfeld, Yehuda"]
[Black "Griego, David W"]
[Result "1/2-1/2"]
[WhiteElo "2545"]
[BlackElo "2335"]

1.e4 c5 2.Nf3 Nc6 3.Nc3 e6 4.d4 cxd4 5.Nxd4 Nf6 6.Ndb5 d6 7.Bf4 e5 8.Bg5 a6
9.Na3 b5 10.Nd5 Be7 11.Bxf6 Bxf6 12.c3 O-O 13.Nc2 Bb7 14.Be2 Nb8 15.Bg4 Bg5
16.O-O Nd7 17.Bxd7 Qxd7 18.Nb6 Qc6 19.Nxa8 Qxe4 20.Ne1 Qc6 21.a4 Bxa8 22.axb5 axb5
23.Nf3 Bf4 24.Qe2 Qc5 25.Rfd1 f6 26.b4 Qxc3 27.Qxb5 Bc6 28.Qd3 Qxb4 29.Rab1 Qc5
30.Qxd6 Qxd6 31.Rxd6 Bxf3 32.gxf3 h5 33.Rd7 Kh7 34.Rbb7 Bh6 35.Rf7 Rxf7 36.Rxf7 Kg6
37.Rb7 Kf5 38.Kf1 g6 39.Ke2 Bf4 40.h3 Kg5 41.Rb6 Kf5 42.Rc6  1/2-1/2

[Event "Plock op rapid"]
[Site "Plock"]
[Date "1994.??.??"]
[Round "4"]
[White "Grabarczyk, Bogdan"]
[Black "Ebert, Wolfgang"]
[Result "0-1"]
[WhiteElo "2355"]
[BlackElo "2270"]

1.e4 c5 2.Nf3 e6 3.d4 cxd4 4.Nxd4 Nc6 5.Nc3 Qc7 6.g3 a6 7.Bg2 d6 8.O-O Bd7
9.Nde2 Nf6 10.h3 Be7 11.g4 h6 12.a4 O-O 13.Ng3 Rab8 14.f4 Nh7 15.Be3 Na5
16.Nce2 Nc4 17.Bc1 Bf6 18.Rb1 Qc5+ 19.Kh2 Ne3 20.Bxe3 Qxe3 21.b3 Rfd8 22.Rf3 Qc5
23.c4 b5 24.cxb5 axb5 25.b4 Qa7 26.a5 Be7 27.Rd3 Rbc8 28.Nd4 Rc4 29.Nc2 Rdc8
30.Ne3 R4c7 31.Qd2 Be8 32.Rbb3 Nf8 33.Rbc3 Ng6 34.Ne2 Qb8 35.Rxc7 Rxc7 36.Kg1 Qc8
37.Ra3 Qa6 38.Rc3 Qc8 39.Rxc7 Qxc7 40.Qd4 Bf6 41.Qd3 Bd7 42.Nc2 Be7 43.Ncd4 d5
44.exd5 Nxf4 45.Nxf4 Qxf4  0-1

[Event "Plock op rapid"]
[Site "Plock"]
[Date "1994.??.??"]
[Round "7"]
[White "Kurlenda, Adam"]
[Black "Ebert, Wolfgang"]
[Result "1-0"]
[WhiteElo "2225"]
[BlackElo "2270"]

1.e4 c5 2.Nf3 e6 3.d4 cxd4 4.Nxd4 Nc6 5.Nc3 Qc7 6.g3 a6 7.Bg2 d6 8.O-O Bd7
9.a4 Be7 10.Be3 Nf6 11.Nb3 O-O 12.f4 Na5 13.Nd2 Rfd8 14.g4 Rac8 15.g5 Ne8
16.Qh5 g6 17.Qh4 b5 18.axb5 axb5 19.f5 Bf8 20.fxg6 fxg6 21.Qf2 Bg7 22.Bb6 Qb7
23.Bxd8 Rxd8 24.Rxa5 b4 25.e5 Qc7 26.Ra7 Qxa7 27.Qxa7 bxc3 28.Ne4 Bxe5 29.Nf6+ Nxf6
30.gxf6 cxb2 31.f7+ Kf8 32.Qc7 Bf6 33.Qxd6+ Kg7 34.f8=Q+ Rxf8 35.Qxd7+  1-0

[Event "POL-ch"]
[Site "?"]
[Date "1994.??.??"]
[Round "12"]
[White "Kaminski, Marcin"]
[Black "Gdanski, Jacek"]
[Result "0-1"]
[WhiteElo "2445"]
[BlackElo "2505"]

1.e4 c5 2.Nf3 e6 3.d4 cxd4 4.Nxd4 Nc6 5.Nc3 Qc7 6.Be2 a6 7.O-O Nf6 8.Be3 Bb4
9.Na4 b5 10.Nxc6 dxc6 11.Bc5 bxa4 12.Bxb4 c5 13.Bc3 Nxe4 14.Bxg7 Rg8 15.Bf3 Bb7
16.Bxe4 Bxe4 17.f3 Rxg7 18.fxe4 Qe5 19.Qf3 Qxb2 20.Rab1 Qxc2 21.e5 Rd8 22.Rb7 Qg6
23.Ra7 Kf8 24.Kh1 Qf5 25.Qe2 Qd3 26.Qxd3 Rxd3 27.Ra8+ Ke7 28.Rxa6 Rg5 29.Ra7+ Rd7
30.Rxa4 Rxe5 31.Rh4 h5 32.Rhf4 Ke8 33.h3 Re2 34.Ra4 f5 35.Rb1 Kf7 36.Rb3 Rdd2
37.Rg3 Rxa2 38.Rh4 Kf6 39.Rxh5 c4 40.Rh6+ Ke5 41.Rgg6 c3 42.Rxe6+ Kf4 43.Rh4+ Kg3  0-1

[Event "Polanica Zdroj op"]
[Site "Polanica Zdroj"]
[Date "1994.??.??"]
[Round "?"]
[White "Hnydiuk, Aleksander"]
[Black "Krzywicki, Dariusz"]
[Result "0-1"]
[WhiteElo "2220"]
[BlackElo "2290"]

1.e4 c5 2.Nf3 e6 3.d4 cxd4 4.Nxd4 Nc6 5.Nc3 Qc7 6.g3 a6 7.Bg2 Nf6 8.O-O Be7
9.Be3 O-O 10.a4 Na5 11.Qe2 Re8 12.Rad1 d6 13.h3 Rb8 14.g4 b6 15.g5 Nd7 16.h4 Bb7
17.h5 g6 18.hxg6 hxg6 19.Qg4 Bf8 20.f4 Bg7 21.Kh1 Rbc8 22.Rf2 Nc4 23.Bc1 Qc5
24.Nce2 b5 25.axb5 axb5 26.Qg3 b4 27.b3 Na3 28.Be3 Qa5 29.e5 Bxg2+ 30.Qxg2 dxe5
31.Nc6 Qc7 32.Nxb4 Red8 33.c4 Nc5 34.Ra1 exf4 35.Bxf4 Qa5 36.Nc6 Rxc6 37.Qxc6 Bxa1
38.Bc7 Qa8 39.Qxa8 Rxa8 40.b4 Nd3 41.Rf3 Nxb4 42.Bd6 Nac2 43.Rf4 Bg7 44.c5 Bf8
45.Re4 Bxd6 46.cxd6 Rd8 47.Ng3 Rxd6 48.Rc4 Rd3 49.Rc8+ Kg7 50.Ne4 Rf3 51.Nf6 Rxf6
52.gxf6+ Kxf6 53.Kh2  0-1

[Event "Polanica Zdroj op"]
[Site "Polanica Zdroj"]
[Date "1994.??.??"]
[Round "?"]
[White "Maciejewski, Miroslaw"]
[Black "Blimke, Dalia"]
[Result "1-0"]
[WhiteElo "2395"]
[BlackElo "2085"]

1.e4 c5 2.Nc3 Nc6 3.Nge2 e6 4.d4 cxd4 5.Nxd4 Qc7 6.Be2 a6 7.O-O Nf6 8.Be3 Bb4
9.Na4 O-O 10.Nxc6 bxc6 11.Nb6 Rb8 12.Nxc8 Rfxc8 13.Bxa6 Rd8 14.Bd3 Bd6 15.Kh1 Be5
16.c3 Rxb2 17.Qc1 Ng4 18.f4 Bd6 19.Qxb2 Nxe3 20.e5 Bc5 21.Rf3 Rb8 22.Qe2 Qa7
23.Re1 Nd5 24.c4 Nb4 25.Bb1 g6 26.Rd1 Be7 27.Rh3 Bf8 28.Rb3 Rb7 29.Qd2 Qa4
30.Rc1 Ra7 31.Rd1 Kg7 32.h4 Nxa2 33.Bxa2 Qxa2 34.Qxa2 Rxa2 35.Rxd7 Rc2 36.Rbb7 Rxc4
37.Rxf7+ Kg8 38.Rf6 Bh6 39.g3  1-0

[Event "POR-ch"]
[Site "?"]
[Date "1994.??.??"]
[Round "5"]
[White "Pereira, Joao"]
[Black "Galego, Luis"]
[Result "0-1"]
[WhiteElo "2215"]
[BlackElo "2440"]

1.e4 c5 2.Nf3 e6 3.d4 cxd4 4.Nxd4 Nc6 5.Nc3 a6 6.Be3 Qc7 7.Be2 Nf6 8.O-O Bb4
9.Bg5 Bxc3 10.Bxf6 gxf6 11.bxc3 h5 12.f4 h4 13.Qd2 Ne7 14.a4 Qc5 15.Kh1 h3
16.g3 b6 17.Nb3 Qc7 18.a5 b5 19.Qd4 e5 20.Qe3 d6 21.Rad1 Bb7 22.Bf3 Ng6 23.f5 Ne7
24.Rd3 Rd8 25.Rfd1 Nc6 26.Qd2 Ke7 27.Kg1 Na7 28.Qe2 Nc8 29.Qe3 Ba8 30.Kf1 Qa7
31.Qc1 Bc6 32.Qa3 Qc7 33.Qb4 Ba8 34.Qa3 Qc4 35.Nd2 Qc5 36.Qb2 Rd7 37.Nb3 Qc4
38.Nd2 Qc7 39.Qb4 Na7 40.Nb3 Rc8 41.Kf2 Rdd8 42.Qa3 Rb8 43.Rc1 Qc4 44.Nd2 Qc5+
45.Qxc5 dxc5 46.Rxd8 Rxd8 47.Ke3 c4 48.Bg4 Nc8 49.Nf1 Nd6 50.Nd2 Nb7 51.Rh1 Nc5
52.Bxh3 Rxd2 53.Kxd2 Nxe4+ 54.Ke3 Ng5 55.Rd1 Nxh3 56.Rd2 Bc6 57.Rd1 Bd7 58.g4 Bc6
59.Rd2 Nf4 60.Kf2 Nd5 61.h4 Nxc3 62.Ke1 Ne4 63.Rd1 Nc3 64.Rd2 Nd5 65.Kf2 b4
66.h5 Kf8 67.Kg3 Kg7  0-1

[Event "CRO-ch"]
[Site "Porec"]
[Date "1994.??.??"]
[Round "?"]
[White "Fercec, Nenad"]
[Black "Ljubicic, Filip"]
[Result "0-1"]
[WhiteElo "2385"]
[BlackElo "2335"]

1.e4 c5 2.Nf3 e6 3.d4 cxd4 4.Nxd4 Nc6 5.Nc3 Nf6 6.Ndb5 d6 7.Bf4 e5 8.Bg5 a6
9.Na3 b5 10.Bxf6 gxf6 11.Nd5 f5 12.c3 Bg7 13.exf5 Bxf5 14.Nc2 O-O 15.Nce3 Be6
16.Bd3 f5 17.Qh5 e4 18.Bc2 Be5 19.f4 Bg7 20.O-O b4 21.Nxb4 Nxb4 22.cxb4 Qb6
23.Rae1 d5 24.Bb3 Kh8 25.Kh1 d4 26.Nc4 Bxc4 27.Bxc4 d3 28.b3 Rad8 29.a3 Rd6
30.Rd1 Qd8 31.Qh3 Rh6 32.Qg3 Rg6 33.Qe3 Bd4 34.Qe1 Rd6 35.Bxd3 exd3 36.Rxd3 Bg7
37.Rxd6 Qxd6 38.Qb1 Qd2 39.Rd1 Qxf4 40.Qd3 Qg4 41.Rf1 Rf6 42.g3 Qe4+ 43.Qf3 Rc6
44.a4 Rc3  0-1

[Event "CRO-ch"]
[Site "Porec"]
[Date "1994.??.??"]
[Round "?"]
[White "Zelcic, Robert"]
[Black "Mandekic, Ivan"]
[Result "1-0"]
[WhiteElo "2460"]
[BlackElo "2250"]

1.e4 c5 2.Nf3 e6 3.d4 cxd4 4.Nxd4 Nc6 5.Nc3 a6 6.Be2 Nge7 7.O-O Nxd4 8.Qxd4 Nc6
9.Qd3 Qc7 10.Kh1 Be7 11.f4 O-O 12.Qh3 f6 13.a3 b5 14.Bd3 Rf7 15.a4 b4 16.Nd5 exd5
17.exd5 g6 18.dxc6 Qxc6 19.f5 g5 20.a5 Bb7 21.Bd2 Bd6 22.Rae1 Be5 23.Re4 b3
24.Rc4 Qd6 25.Rb4 Bd5 26.c4 g4 27.Qe3 Bd4 28.Qg3 Be5 29.Qf2 Bd4 30.Qh4 Bxg2+
31.Kxg2 Qc6+ 32.Kg3 Be5+ 33.Bf4 Bxf4+ 34.Rxf4 Qd6 35.Rxb3 Re8 36.Bc2 Qe5
37.Kxg4 Qe2+ 38.Kh3 Rg7 39.Qf2 Qh5+ 40.Rh4 Qg5 41.Rg3  1-0

[Event "CRO-ch"]
[Site "Porec"]
[Date "1994.??.??"]
[Round "?"]
[White "Zecevic, Dean"]
[Black "Armanda, Ivica"]
[Result "1-0"]
[WhiteElo "2345"]
[BlackElo "2260"]

1.e4 c5 2.Nf3 e6 3.d4 cxd4 4.Nxd4 Nc6 5.Nc3 Qc7 6.Be2 a6 7.O-O Nf6 8.a4 Be7
9.Be3 O-O 10.f4 d6 11.Kh1 Re8 12.Qe1 Nxd4 13.Bxd4 e5 14.fxe5 dxe5 15.Qg3 Bd8
16.Be3 Be6 17.Bh6 g6 18.Rad1 Bc4 19.Bxc4 Qxc4 20.Qf3 Re6 21.Bg5 h6 22.Rxd8+ Rxd8
23.Bxf6 Rd7 24.h3 b5 25.axb5 axb5 26.Ra1 Re8 27.Nd5 Qxc2 28.b4 Qb2 29.Ra6 Qb1+
30.Kh2 Qc1 31.Rb6 Rxd5 32.exd5 e4 33.Qxe4 Kf8 34.Qd4 Qf1 35.d6  1-0

[Event "CRO-ch"]
[Site "Porec"]
[Date "1994.??.??"]
[Round "?"]
[White "Loncar, Robert"]
[Black "Rosandic, Denis"]
[Result "1-0"]
[WhiteElo "2430"]
[BlackElo "2330"]

1.e4 c5 2.Nf3 Nc6 3.Nc3 e6 4.d4 cxd4 5.Nxd4 Nf6 6.Nxc6 bxc6 7.Bd3 d5 8.O-O Be7
9.Qe2 Qc7 10.b3 O-O 11.Bb2 Re8 12.Kh1 Nd7 13.exd5 exd5 14.Rae1 Nc5 15.Na4 Nxd3
16.Qxd3 Bd7 17.Be5 Qc8 18.Re3 Bf5 19.Qe2 Bf8 20.c4 f6 21.Bd4 Rxe3 22.fxe3 Bg4
23.Qd3 Qe6 24.cxd5 cxd5 25.Rc1 h5 26.Kg1 Bd6 27.Qb5 Rd8 28.Qa5 Rd7 29.Nc5 Bxc5
30.Qxc5 Bf5 31.Qc6 Qf7 32.Qa8+ Kh7 33.Rc8 Re7 34.Rf8 Qe6 35.Qb8 Qe4 36.h3 h4
37.Rh8+ Kg6 38.Qg8 Rc7 39.Qh7+ Kf7 40.Qg8+ Kg6 41.Qh7+ Kf7 42.Qxh4 Rc2 43.Qxe4 Bxe4
44.a4 Rxg2+ 45.Kf1 a6 46.Ra8 Rh2 47.Rxa6 Bd3+ 48.Kg1 Bxa6 49.Kxh2 Bd3 50.a5 g5
51.Kg3 Ke6 52.Bb6 Bf1 53.Bd8 Ke5 54.Be7 Ke6 55.Bc5 Kf7 56.Bb6 Ke8 57.Bd4 Ke7
58.b4 Kf7 59.Ba7 Ke7 60.Bb6 Kf7 61.Bd8 Kg6 62.Kf2 Bxh3 63.a6 Bc8 64.b5 Kf7
65.Ke1 Ke6 66.Bc7 Kd7 67.Bh2 Bxa6 68.bxa6 Kc6 69.Kd2 Kb6 70.Kd3  1-0

[Event "Portoroz op"]
[Site "Portoroz"]
[Date "1994.??.??"]
[Round "?"]
[White "Crepan, Marjan"]
[Black "Cebalo, Miso"]
[Result "0-1"]
[WhiteElo "2300"]
[BlackElo "2520"]

1.e4 c5 2.Nf3 e6 3.d4 cxd4 4.Nxd4 Nc6 5.Nc3 d6 6.Be2 Nf6 7.O-O Be7 8.Be3 O-O
9.f4 Bd7 10.Kh1 Nxd4 11.Bxd4 Bc6 12.Bd3 Nd7 13.Qe2 a6 14.Rad1 Qc7 15.Nd5 exd5
16.exd5 Bf6 17.dxc6 bxc6 18.Rfe1 d5 19.Qe3 c5 20.Bxf6 Nxf6 21.c4 d4 22.Qf3 Rae8
23.Bb1 g6 24.h3 a5 25.Bc2 Qb8 26.b3 Qd6 27.Bd3 Kg7 28.Kg1 Re7 29.Qf2 Rfe8
30.g3 Re3 31.Rxe3 Rxe3 32.Kh2 Qe7 33.Rd2 Ne4 34.Bxe4 Qxe4 35.Qg2 f5 36.Qf2 d3
37.g4 fxg4 38.hxg4 Rf3 39.Qxc5 Qxf4+ 40.Kg1 Rf1+  0-1

[Event "Pula PCA op"]
[Site "Pula"]
[Date "1994.??.??"]
[Round "?"]
[White "Fercec, Nenad"]
[Black "Cebalo, Miso"]
[Result "1/2-1/2"]
[WhiteElo "2385"]
[BlackElo "2520"]

1.e4 c5 2.Nf3 e6 3.d4 cxd4 4.Nxd4 Nc6 5.Nc3 d6 6.Be2 Nf6 7.O-O Be7 8.Be3 O-O
9.f4 Bd7 10.Nb3 a6 11.a4 Rc8 12.a5 Qc7 13.Bf3 Nb4 14.Rf2 Bc6 15.Qe1 d5 16.e5 Nd7
17.Bd4 g6 18.Qe3 Bb5 19.Nxb5 axb5 20.c3 Nc6 21.g4 b4 22.Rd1 bxc3 23.bxc3 Rfe8
24.Be2 Nxa5 25.Nxa5 Qxa5 26.f5 Bf8 27.fxg6 fxg6 28.Rdf1 Bg7 29.Rf7 Qd8 30.Bb5 Re7
31.Qf2 b6 32.h4 Nc5 33.Rf3 Rec7 34.g5 Qe7 35.Qg2 Rf8 36.Rxf8+ Bxf8 37.Qg4 Bg7
38.Ra1 Rc8 39.Bf1 Rf8 40.Bh3 Qc7 41.Kg2 Kh8 42.Rf1 Re8 43.h5 Kg8 44.h6 Bf8
45.Rf6 Be7 46.Bxc5 Bxf6 47.Bd6 Qxc3 48.Qxe6+ Rxe6 49.Bxe6+ Kh8  1/2-1/2

[Event "Pula PCA op"]
[Site "Pula"]
[Date "1994.??.??"]
[Round "?"]
[White "Rogic, Davor"]
[Black "Jukic, Zdenko"]
[Result "1/2-1/2"]
[WhiteElo "2390"]
[BlackElo "2230"]

1.e4 c5 2.Nf3 e6 3.Nc3 Nc6 4.d4 cxd4 5.Nxd4 Nf6 6.Ndb5 Bb4 7.a3 Bxc3+ 8.Nxc3 d5
9.exd5 exd5 10.Bd3 O-O 11.O-O d4 12.Ne2 Qd5 13.b4 a6 14.Bb2 Rd8 15.Qd2 Nh5
16.Rad1 Qa2 17.Qc1 Be6 18.Qa1 Qxa1 19.Bxa1 Rac8 20.Be4 Bc4 21.Rfe1 Bxe2 22.Rxe2 Nf4
23.Red2 g6 24.Kf1 Ne6 25.c4 b6 26.Bd5 Ne5 27.Bxd4 Nxc4 28.Bxc4 Rxc4 29.Bxb6 Rxd2
30.Rxd2 Rc1+ 31.Ke2 Ra1 32.g3 Rxa3 33.Rd6 Kg7 34.Ba5 Ra2+ 35.Ke3 Ra3+ 36.Ke2 Ra2+
37.Ke3 Ra3+ 38.Ke4 Ra2 39.f4 Rxh2 40.Rxa6 h5 41.Bb6 Rb2 42.Bc5 Rb3 43.Bd6 Rxg3
44.Be5+ Kf8 45.Ra8+ Ke7 46.Ra7+ Ke8 47.Bd6 Ng7 48.Kd5 Nf5 49.Bc5 Rd3+ 50.Ke5 h4
51.Ra8+ Kd7 52.Ra7+ Ke8 53.Ra8+ Kd7 54.Ra7+  1/2-1/2

[Event "Pula PCA op"]
[Site "Pula"]
[Date "1994.??.??"]
[Round "?"]
[White "Gurevich, Vladimir"]
[Black "Kragelj, Igor"]
[Result "1/2-1/2"]
[WhiteElo "2420"]
[BlackElo "2250"]

1.e4 c5 2.Nf3 Nc6 3.d4 cxd4 4.Nxd4 e6 5.Nc3 Qc7 6.g3 a6 7.Bg2 Nf6 8.O-O Be7
9.Re1 O-O 10.Nxc6 dxc6 11.e5 Rd8 12.Qf3 Nd5 13.h4 Nxc3 14.Qxc3 Bd7 15.Bg5 Be8
16.Rad1 a5 17.a3 Bxg5 18.hxg5 Rxd1 19.Rxd1 Rd8 20.Rd3 Rd7 21.f4 Qb6+ 22.Kh2 Rxd3
23.Qxd3 Qc7 24.b4 axb4 25.axb4 Qd7 26.Qe3 Qd1 27.c4 g6 28.Qb6 Qa4 29.Kg1 Qd1+
30.Bf1 Qf3 31.Qf2 Qxf2+ 32.Kxf2 Kf8 33.c5 Ke7 34.Ke3 Kd7 35.g4 Kc7 36.f5 Bd7
37.Bc4 Kc8 38.Kd4 Kc7 39.Kc3 Kb8 40.Kb3 Kc7 41.Ka4 b5+ 42.cxb6+ Kxb6 43.Kb3 Bc8
44.Kc3 Bd7 45.Kd4 Bc8 46.Bxe6 Bxe6 47.fxe6 fxe6 48.Kc4 Kb7 49.Kd4 Kb6 50.Kc4 Kb7
51.Kc5 Kc7 52.Kd4 Kb6 53.Kc4 Kb7 54.Kc5 Kc7 55.b5 cxb5 56.Kxb5 Kb7 57.Kc5 Kc7
58.Kb5 Kb7 59.Kc5 Kc7  1/2-1/2

[Event "EUCup Gr"]
[Site "Pula"]
[Date "1994.??.??"]
[Round "1"]
[White "Istratescu, Andrei"]
[Black "Frolov, Artur"]
[Result "1/2-1/2"]
[WhiteElo "2505"]
[BlackElo "2525"]

1.e4 c5 2.Nf3 Nc6 3.Nc3 e6 4.d4 cxd4 5.Nxd4 d6 6.Be3 a6 7.Bc4 Nge7 8.Bb3 b5
9.f4 Nxd4 10.Qxd4 Nc6 11.Qd2 Na5 12.O-O Be7 13.f5 O-O 14.fxe6 fxe6 15.Nd5 Nxb3
16.axb3 Rxf1+ 17.Rxf1 Bb7 18.Qf2 Bf6 19.Nxf6+ Qxf6 20.Qxf6 gxf6 21.Rxf6 Bxe4
22.Rxe6 Bxc2 23.Rxd6  1/2-1/2